| 000 | 00565nam a2200193Ia 4500 | ||
|---|---|---|---|
| 003 | OSt | ||
| 005 | 20240513125552.0 | ||
| 008 | 210210b1965 xxu||||| |||| 00| 0 eng d | ||
| 040 | _cAL | ||
| 041 | _aKannada | ||
| 082 | _aK894.1 MAYA | ||
| 100 |
_aMAYYAVATI VENKATARAMANAYYA. _dಮಯ್ಯಾವತಿ ವೆಂಕಟರಮಣಯ್ಯ _9164288 |
||
| 245 |
_aAnanta vrata kathe. _bಅನಂತ ವ್ರತ ಕಥೆ |
||
| 260 |
_aSagara _bVijaya Sahitya Male _c1965 |
||
| 300 | _a15 | ||
| 690 |
_aKannada Poetry _9164289 |
||
| 906 | _a042195 | ||
| 942 |
_2ddc _cBK |
||
| 999 |
_c92100 _d92100 |
||